AH International Schools' Libraries

Rabbit in the snow: (Record no. 49263)

MARC details
000 -LEADER
fixed length control field 00376nam a2200121 4500
020 ## - INTERNATIONAL STANDARD BOOK NUMBER
International Standard Book Number 9781447281481
100 ## - MAIN ENTRY--PERSONAL NAME
Personal name Russell, Natalie,
Relator term author.
9 (RLIN) 38505
245 ## - TITLE STATEMENT
Title Rabbit in the snow:
Remainder of title A book of opposites/
260 ## - PUBLICATION, DISTRIBUTION, ETC. (IMPRINT)
Place of publication, distribution, etc London:
Name of publisher, distributor, etc Macmillan Children's Books;
Date of publication, distribution, etc November 7, 2013.
300 ## - PHYSICAL DESCRIPTION
Extent 24 pages.
Dimensions 8.98 x 0.39 x 9.02 inches.
650 ## - SUBJECT ADDED ENTRY--TOPICAL TERM
9 (RLIN) 3523
Topical term or geographic name as entry element Weather.
942 ## - ADDED ENTRY ELEMENTS (KOHA)
Source of classification or shelving scheme
Koha item type Book
Holdings
Withdrawn status Lost status Source of classification or shelving scheme Damaged status Not for loan Home library Current library Date acquired Total Checkouts Full call number Barcode Date last seen Price effective from Koha item type
          Logos International School Logos International School 08/13/2025   E RUS 042839 08/14/2025 08/13/2025 Book

For any Logos Library related questions please contact Miss Art at swongnarasuk@asianhope.org.

For any Asian Hope Library related questions please contact Miss Raza at graza@asianhope.org.

Click here to explore our ebooks!

Powered by Koha